000 00672 a2200217 4500
001 62110
005 20260407155914.0
008 260407a1983 arg spa d
003 AR-UNSa-BCEJYS
040 _aAR-UNSa-BCEJYS
_bspa
_cAR-UNSa-BCEJYS
080 _a349.2
_xDerecho del Trabajo
245 1 0 _aPersonal de la industria de la construcción
_pLey 22.250 y su reglamentación comentada, anotada y concordada
020 _a978-950-508-065-6
264 1 _aBuenos Aires :
_bAstrea
_c1983
300 _a479 p.
_c23 cm.
041 _aspa
942 _cBK
590 _aniveau_biblio:m niveau_hierar:0
100 1 _aMarigo, Susana Marta
700 1 _aRainolter, Milton A.
999 _c7563
_d7563